Statistics for Popular Anime Speedrun Quiz

Click here to take the quiz!

General Stats

  • This quiz has been taken 144 times
  • The average score is 6 of 12

Answer Stats

Description of Anime/MangaAnime/Manga% Correct
A high-school student finds a super-natural book.Death Note
96%
A kid who becomes a ninja and wants to be the leader of his village.Naruto
78%
A boy who gains rubber from a certain food.One Piece
68%
A journey of a naive boy setting out to find 7 magic orbs.Dragon Ball
67%
A hero that can one shot every enemy he approaches.One Punch Man
64%
A top rank high school full of powers.My Hero Academia
53%
Set in an alternative reality where creatures disguise as humans and eat flesh to survive.Tokyo Ghoul
32%
A world where people sort out issues by battling with their alter-ego trapped into cards.Yugi-Oh
31%
A universe where humans depend on creatures that can go into people’s pockets.Pokemon
29%
A protagonist who joins an organisation that gets him tied in a war with demons.Demon Slayer
27%
A family bloodline fighting an old immortal enemy.JoJo
27%
An adventure of a teenager who takes an exam to become a certain role.Hunter x Hunter
24%

Score Distribution

Percentile by Number Answered

Percent of People with Each Score

Your Score History

You have not taken this quiz